Felipe II y la armada invencible : del 11 de septiembre al 31 de octubre de 2001, Galería de Rectoría General; del 15 de noviembre al 21 de diciembre de 2001, Galería Metropolitana /
Zapisane w:
| 1. autor: | |
|---|---|
| organizacja autorów: | , |
| Kolejni autorzy: | , |
| Format: | Książka |
| Język: | hiszpański |
| Hasła przedmiotowe: | |
| Etykiety: |
Nie ma etykietki, Dołącz pierwszą etykiete!
|
MARC
| LEADER | 00000nam^a2200000^a^4500 | ||
|---|---|---|---|
| 001 | 000180703 | ||
| 005 | 20250521000000.0 | ||
| 009 | 20260310101908.924 | ||
| 037 | |a Acervo ITESO - Biblioteca | ||
| 041 | |a ESP | ||
| 082 | |a 759. 972063 |b ACE SAI | ||
| 100 | |a Aceves Navarro, Gilberto |e (autor) | ||
| 245 | 1 | 0 | |a Felipe II y la armada invencible : |b del 11 de septiembre al 31 de octubre de 2001, Galería de Rectoría General; del 15 de noviembre al 21 de diciembre de 2001, Galería Metropolitana / |c G. Aceves Navarro ; texto de L.I. Sáinz, J.L. Cruz ; Universidad Autónoma Metropolitana. |
| 264 | |a México : |b UAM, |c 2001 | ||
| 300 | |a 35 p. | ||
| 336 | |a texto |b txt |2 rdacontenido | ||
| 337 | |a sin mediación |b n |2 rdamedio | ||
| 338 | |a volumen |b nc |2 rdasoporte | ||
| 545 | 0 | |a Gilberto Aceves Navarro (Ciudad de México, 1931), artista plástico mexicano. Estudió en la Escuela Nacional de Pintura, Escultura y Grabado "La Esmeralda". Trabajó con David Alfaro Sequeiros en la realización de los murales de la rectoría de la Universidad Nacional Autónoma de México (1952) y con Luis Arenal en los del Palacio de Gobierno de Chilpancingo (1953). Ha desarrollado una importante labor docente, en el Instituto de Intercambio Cultural Mexicano Norteamericano en Los Angeles, California (1957-1961), en la Escuela Nacional de Artes Plásticas, Academia de San Carlos de la UNAM (desde 1971) y en su taller (desde 1998). Creador multifacético, ha practicado múltiples técnicas y manifestaciones artísticas, entre las que se cuentan la pintura (de caballete y mural), el dibujo, la escultura, la escenografía, etcétera; es autor más de doce murales en distintos países, incluidos Canto a la Raza (Ciudad de México, 1960) y Danzas de la vida y de la muerte (Ciudad de México, 1961). Ha montado múltiples exposiciones individuales en México y en Estados Unidos. Entre otros reconocimientos, su obra ha sido seleccionada para las bienales de París (1961,1963 y 1965), de Tokio (1962) y de México (1960 y 1962); entre otros, ha recibido los premios de la Bienal Cagnes Sur Mer (Francia, 1989), Bienal de Dibujo Domecq (Museo Carrillo Gil, México, 1980), Salón de la Plástica Mexicana (1964, 1970, 1971) y el Premio Nuevos Valores de la Plástica, Salón de la Plástica Mexicana (1956). | |
| 649 | |a XX | ||
| 650 | |a Pintores Mexicanos | ||
| 650 | |a Artistas Mexicanos | ||
| 650 | |a Reyes Españoles - |x Iconografías | ||
| 650 | |a Políticos Españoles - |x Iconografías | ||
| 650 | |a Museos y Galerías - |z México (Ciudad) - |x Exposiciones | ||
| 650 | |a Pintura Moderna - |x Exposiciones | ||
| 650 | |a Pintura Moderna - |x Catálogos | ||
| 650 | |a Pintura Moderna - |x Historia y Crítica | ||
| 650 | |a Pintura Mexicana - |x Exposiciones | ||
| 650 | |a Pintura Mexicana - |x Catálogos | ||
| 650 | |a Pintura Mexicana - |x Historia y Crítica | ||
| 650 | |a Pintura Mexicana - |y Siglo XX | ||
| 650 | |a Arte Moderno - |x Exposiciones | ||
| 650 | |a Arte Moderno - |x Catálogos | ||
| 650 | |a Arte Moderno - |x Historia y Crítica | ||
| 650 | |a Arte Figurativo - |z México - |x Exposiciones | ||
| 650 | |a Arte Figurativo - |z México - |x Catálogos | ||
| 650 | |a Arte Figurativo - |z México - |x Historia y Crítica | ||
| 650 | |a Arte Mexicano - |x Exposiciones | ||
| 650 | |a Arte Mexicano - |x Catálogos | ||
| 650 | |a Arte Mexicano - |x Historia y Crítica | ||
| 650 | |a Arte Mexicano - |y Siglo XX | ||
| 650 | |a España - |x Historia - |y Felipe II, 1556-1598 | ||
| 650 | |a España - |x Historia - |y Siglo XVI | ||
| 650 | |a España - |x Historia - |y Casa de Austria, 1516-1700 | ||
| 650 | |a Aceves Navarro, Gilberto - |x Tema Principal | ||
| 650 | |a Felipe II, Rey de España - |x Tema Principal | ||
| 710 | |a Universidad Autónoma Metropolitana. |b Galería de Rectoría General | ||
| 710 | |a Universidad Autónoma Metropolitana. |b Galería Metropolitana | ||
| 700 | |a Sáinz, Luis Ignacio |e (texto) | ||
| 700 | |a Cruz, José Luis |e (texto) | ||
| 910 | |a Fondo General | ||
| 920 | |a Impresos - Libros | ||
| 930 | |a Reserva Especial | ||
| 905 | |a 103 | ||
| 901 | |a 0500120169 |b IT1 |c REE |u 20250521 | ||
| 902 | |a https://opac.biblio.iteso.mx/vufind/Record/000180703 | ||